| 000 | 00647nam a22001577a 4500 | ||
|---|---|---|---|
| 003 | OSt | ||
| 005 | 20190823151353.0 | ||
| 008 | 190823b xxu||||| |||| 00| 0 eng d | ||
| 040 | _cRUA | ||
| 082 | _aAGR SEA 2017 B644 Or.1 | ||
| 100 |
_913855 _aSEA SREYPOV សៀង ស្រីពៅ |
||
| 245 | _acomparsion of different organic mulching yield and yield comporents of chinese cabbage ( Brassicaceae rapa var. chinensis) ប្រៀបធៀបគម្របសរីរាង្គខុសៗគ្នានៅលើដំណាំស្ពៃតឿ | ||
| 260 |
_aRUA _bphnom penh _c2017 |
||
| 300 |
_aix,34p _bill; _c29cm |
||
| 942 |
_2ddc _cAGR |
||
| 999 |
_c18182 _d18182 |
||